000 003350000a22001570004500
003 MACL
040 _aMACL
090 _c8676
_d8675
100 _aPande, Govind Chandra
245 _aConsciousness Value Culture
260 _bRaka Prakashan
_c2006
350 _a595
650 _aPhilisophy
942 _cBOOK
_k100
951 _o100 BOOK
999 _c8622
_d8622